Spotify Song Head to Head #2 - Statistics

General Stats
  • This quiz has been taken 62 times
  • The average score is 7 of 10
Answer Stats
Question Answer % Correct
Who wins the "USA" battle? Born in the USA (Bruce Springsteen)
93%
Who wins the "bird" battle? I´m like a Bird (Nelly Furtado)
93%
Who wins the "James Bond theme song" battle? Live and Let Die (Wings)
93%
Who wins the "Take Me" battle? Take On Me (A-ha)
80%
Who wins the "Don´t you .." battle? Don´t you (forget about me) (Simple Minds)
67%
Who wins the "beautiful" battle? You´re beautiful (James Blunt)
60%
Who wins the "horse" battle? A Horse with No Name (America)
53%
Who wins the Christmas themed battle? Driving Home for Christmas (Chris Rea)
53%
Who wins the "Something Rain" battle? November Rain (Guns n Roses)
33%
Who wins the "Hallelujah" battle? Hallejulah (Jeff Buckley)
27%
No matching quizzes found
Score Distribution
Percent of People with Each Score
Percentile by Number Answered
Your Score History
You have not taken this quiz